000 00854nam a2200253 i 4500
003 DO-SdBNP
005 20260321073646.0
007 ta
008 245061s2009 dr a 000 0 spa d
020 _a97899993442482
040 _aDO-SdBNP
_bspa
_cBNPHU
_erda
082 4 _aRD863.44
_bB742c, 2009
_222
100 1 _a Bosch, Juan,
_d1909-2001
_eautor
_4aut.
_976555
245 1 0 _aCuentos /
_cJuan Bosch : presentación, José Rafael Lantigua
264 4 _aSanto Domingo :
_bEditora Dirección General de la Feria del Libro
_c2009.
300 _a91 paginas. :
_bilustraciones ;
_c22 cm.
336 _atexto
_btxt
_2rdacontent
337 _asin mediación
_bn
_2rdamedia
338 _avolumen
_bnc
_2rdacarrier
590 _aInventariado, 2025/ YL
700 1 _aLantigua, José Rafael
_epresentación
_4pr.
_985376
910 _aYLockward
942 _2ddc
_cLBS1
999 _c59267
_d59267